[Event "8th Prague Masters 2026"]
[Site "Prague CZE"]
[Date "2026.02.25"]
[Round "1"]
[White "Gukesh,D"]
[Black "Niemann,Hans Moke"]
[Result "1/2-1/2"]
[WhiteElo "2754"]
[BlackElo "2725"]
[EventDate "2026.02.24"]

1. e4 e5 2. Nf3 Nc6 3. Bb5 Nf6 4. d3 Bc5 5. Bxc6 dxc6 6. O-O Nd7 7. Nc3 O-O
8. a4 Re8 9. Ne2 Bf8 10. Be3 a5 11. Nd2 b6 12. Kh1 Nc5 13. f4 Nxd3 14. cxd3
Qxd3 15. Bg1 Ba6 16. Nc1 Qd7 17. Nb1 Rad8 18. Qxd7 Rxd7 19. Rf3 exf4 20.
Nc3 Bd6 21. Nd3 g5 22. Nf2 h5 23. Rh3 h4 24. Ng4 Be7 25. g3 fxg3 26. hxg3
Rd3 27. Ne5 Rxc3 28. bxc3 Bc8 29. Kg2 Bf6 30. Nxc6 Rxe4 31. Bd4 Bxh3+ 32.
Kxh3 g4+ 33. Kh2 Bxd4 34. Nxd4 h3 35. Ra2 Kf8 36. Rd2 Ke7 37. Nb5 Rc4 38.
Re2+ Kd7 39. Rf2 Rxa4 40. Rxf7+ Kc6 41. Na7+ Kd5 42. Rxc7 Ra2+ 43. Kh1 Rg2
44. Nc8 Ke4 45. Nd6+ Kd3 46. c4 Kd4 47. Rc6 a4 48. Rxb6 a3 49. Nb5+ Ke5 50.
Nxa3 Rxg3 51. Nb5 Rd3 52. Ra6 Rd1+ 53. Kh2 Rd2+ 54. Kh1 g3 55. Ra1 h2 56.
c5 Kf4 57. Nd6 Rc2 58. c6 Ke5 59. Nf7+ Kf5 60. c7 Rxc7 61. Kg2 Rxf7 62.
Kxg3 1/2-1/2

[Event "8th Prague Masters 2026"]
[Site "Prague CZE"]
[Date "2026.02.25"]
[Round "1"]
[White "Yakubboev,Nodirbek"]
[Black "Anton Guijarro,D"]
[Result "1-0"]
[WhiteElo "2691"]
[BlackElo "2666"]
[EventDate "2026.02.24"]

1. e4 e5 2. Nf3 Nc6 3. Bc4 Bc5 4. c3 Nf6 5. d4 exd4 6. e5 d5 7. Bb5 Ne4 8.
cxd4 Bb6 9. Nc3 O-O 10. Be3 Bg4 11. Qc2 Bf5 12. Qe2 Nb4 13. O-O c6 14. Ba4
Nxc3 15. bxc3 Bd3 16. Qd2 Bxf1 17. Rxf1 Na6 18. Bc2 Nc7 19. Ng5 g6 20. f4
f6 21. exf6 Rxf6 22. f5 Nb5 23. Rf3 Qe7 24. Rh3 h5 25. fxg6 Raf8 26. Nf7
Nd6 27. Bg5 Nxf7 28. Bxf6 Qxf6 29. Rf3 Qe7 30. gxf7+ Rxf7 31. Rg3+ Rg7 32.
Re3 Qf6 33. Re8+ Kf7 34. Qe2 Rg5 35. Re3 Kg7 36. Re6 Bxd4+ 37. cxd4 Qxd4+
38. Kh1 Qa1+ 39. Bd1 Rf5 40. Re7+ Kf8 41. Re8+ Kg7 42. g4 Rf7 43. gxh5 1-0

[Event "8th Prague Masters 2026"]
[Site "Prague CZE"]
[Date "2026.02.25"]
[Round "1"]
[White "Van Foreest,Jorden"]
[Black "Keymer,Vincent"]
[Result "1-0"]
[WhiteElo "2705"]
[BlackElo "2776"]
[EventDate "2026.02.24"]

1. e4 e5 2. Nf3 Nc6 3. Bb5 Nf6 4. d3 Bc5 5. Be3 Bxe3 6. fxe3 Ne7 7. Nc3 c6
8. Bc4 b5 9. Bb3 d6 10. a4 b4 11. Nb1 Ng6 12. Nbd2 d5 13. Qe2 Be6 14. O-O-O
Qa5 15. Kb1 h6 16. h4 Bg4 17. Qf2 O-O 18. Qg3 Rae8 19. Rdf1 Qd8 20. Ng5 Qd7
21. Ngf3 Nh5 22. Qe1 f5 23. exd5 cxd5 24. e4 fxe4 25. Qxe4 Kh7 26. Bxd5 Ng3
27. Ng5+ hxg5 28. hxg5+ Bh3 29. Rxf8 Nxe4 30. Bg8+ Kh8 31. Be6+ Nxf8 32.
Rxh3+ Nh7 33. Bxd7 Nxd2+ 34. Kc1 Re7 35. Kxd2 g6 36. Bc6 Kg7 37. Rg3 Rf7
38. Bf3 Rf5 39. Rg4 a5 40. Rc4 Nxg5 41. Ke3 Nxf3 42. gxf3 Rh5 43. Rc5 Rh2
44. b3 Kf6 45. Rxa5 Rxc2 46. Rb5 Ra2 47. Rxb4 g5 48. Rb6+ Kf5 49. Rb5 Ke6
50. a5 1-0

[Event "8th Prague Masters 2026"]
[Site "Prague CZE"]
[Date "2026.02.25"]
[Round "1"]
[White "Navara,D"]
[Black "Maghsoodloo,Parham"]
[Result "1-0"]
[WhiteElo "2628"]
[BlackElo "2708"]
[EventDate "2026.02.24"]

1. e4 c5 2. Nf3 d6 3. Bb5+ Nd7 4. O-O a6 5. Bxd7+ Bxd7 6. c3 Nf6 7. Re1 Bg4
8. h3 Bh5 9. d4 e6 10. d5 e5 11. a4 Be7 12. a5 O-O 13. Nbd2 Qe8 14. Nf1 Bg6
15. Ng3 Bd8 16. Nd2 Qb5 17. c4 Qd7 18. Ndf1 Rb8 19. Qf3 h5 20. Ne3 Nh7 21.
Nef5 h4 22. Qg4 Kh8 23. Nf1 Bxf5 24. exf5 g6 25. fxg6 Qxg4 26. hxg4 fxg6
27. Nd2 Ng5 28. Ne4 Nxe4 29. Rxe4 b5 30. axb6 Rxb6 31. g5 Kg7 32. Rxh4 Rf5
33. Re4 Bxg5 34. Bxg5 Rxg5 35. g4 Rxb2 36. Kg2 Rb6 37. Ra3 Kf6 38. Kg3 Kg7
39. Kh4 Kh6 40. f3 1-0

[Event "8th Prague Masters 2026"]
[Site "Prague CZE"]
[Date "2026.02.25"]
[Round "1"]
[White "Abdusattorov,Nodirbek"]
[Black "Aravindh,Chithambaram VR."]
[Result "1-0"]
[WhiteElo "2751"]
[BlackElo "2700"]
[EventDate "2026.02.24"]

1. e4 d6 2. d4 Nf6 3. Nc3 e5 4. Nf3 Nbd7 5. Bc4 Be7 6. O-O O-O 7. Re1 exd4
8. Nxd4 Ne5 9. Bf1 Re8 10. Bf4 Ng6 11. Bg3 Bf8 12. a4 c6 13. a5 Bd7 14. Nb3
Be6 15. h3 b5 16. axb6 axb6 17. Rxa8 Qxa8 18. Nd4 Bd7 19. Re3 b5 20. b4 Qa7
21. Qd2 Qb6 22. Be2 Rd8 23. Nf3 d5 24. exd5 Bxb4 25. Ne5 cxd5 26. Nxd7 Rxd7
27. Qd1 d4 28. Ne4 Nd5 29. Rf3 Bf8 30. Bd3 Nb4 31. Rf5 Nxd3 32. Qxd3 b4 33.
h4 Qe6 34. Ng5 Qe1+ 35. Kh2 h6 36. Ne4 Ra7 37. f3 Qb1 38. Qc4 d3 39. cxd3
Qa2 40. Rb5 Qxc4 41. dxc4 Ra4 42. Rb8 b3 43. h5 Ne7 44. Bd6 Ra7 45. c5 Rd7
46. Rxb3 Nc6 47. Rb6 Bxd6+ 48. cxd6 Ne5 49. Rb8+ Kh7 50. Re8 Nc6 51. g4 Nd4
52. Kg3 Nb5 53. Re7 Rd8 54. d7 Nd4 55. Nc5 1-0

[Event "8th Prague Masters 2026"]
[Site "Prague CZE"]
[Date "2026.02.26"]
[Round "2"]
[White "Gukesh,D"]
[Black "Yakubboev,Nodirbek"]
[Result "1/2-1/2"]
[WhiteElo "2754"]
[BlackElo "2691"]
[EventDate "2026.02.24"]

1. d4 Nf6 2. c4 e6 3. Nc3 d5 4. cxd5 exd5 5. Bg5 c6 6. Qc2 h6 7. Bf4 Bd6 8.
Bxd6 Qxd6 9. e3 O-O 10. h3 Re8 11. Rc1 Ne4 12. Nxe4 dxe4 13. Ne2 Nd7 14.
Nf4 Nb6 15. Qc5 Qf6 16. Be2 Be6 17. a3 Nd5 18. Nxe6 Rxe6 19. Bg4 Rd6 20.
O-O a6 21. Rce1 Re8 22. Bd1 Qd8 23. Bb3 Rg6 24. Kh1 Ree6 25. Qa7 Rxg2 26.
Kxg2 Rg6+ 27. Kh1 Qc8 28. Kh2 Qc7+ 29. Kh1 Qc8 30. Kh2 Qc7+ 1/2-1/2

[Event "8th Prague Masters 2026"]
[Site "Prague CZE"]
[Date "2026.02.26"]
[Round "2"]
[White "Maghsoodloo,Parham"]
[Black "Abdusattorov,Nodirbek"]
[Result "1/2-1/2"]
[WhiteElo "2708"]
[BlackElo "2751"]
[EventDate "2026.02.24"]

1. d4 d5 2. Nf3 Nf6 3. g3 e6 4. Bg2 Be7 5. O-O O-O 6. c4 dxc4 7. Qc2 a6 8.
a4 Nc6 9. Qxc4 h6 10. Bd2 Qd5 11. Qc1 Nxd4 12. Nxd4 Qxd4 13. Qxc7 Qc5 14.
Rc1 Qxc7 15. Rxc7 Bd6 16. Rc1 Rb8 17. Na3 b5 18. axb5 axb5 19. Be3 Bd7 20.
Bc5 Bxc5 21. Rxc5 Rfc8 22. Rac1 b4 23. Rxc8+ Bxc8 24. Nc2 Ba6 25. Nd4 Rd8
26. e3 e5 27. Nc6 Rd2 28. b3 Ng4 29. Nxb4 Bb5 30. h3 Nxf2 31. Rc8+ Kh7 32.
Rb8 Bd3 33. Nxd3 Nxd3 34. Rd8 Rd1+ 35. Kh2 Nf2 36. Rxd1 Nxd1 37. b4 Nc3 38.
Bc6 Kg6 39. Kg2 Kf6 40. b5 Na4 41. Bd5 Nb6 42. Bb3 Ke7 43. Kf3 Nc8 44. Kg4
Kf6 45. Kf3 Ke7 46. Kg4 Kf6 47. Kf3 Ke7 1/2-1/2

[Event "8th Prague Masters 2026"]
[Site "Prague CZE"]
[Date "2026.02.26"]
[Round "2"]
[White "Keymer,Vincent"]
[Black "Navara,D"]
[Result "1/2-1/2"]
[WhiteElo "2776"]
[BlackElo "2628"]
[EventDate "2026.02.24"]

1. Nf3 d5 2. g3 g6 3. Bg2 Bg7 4. O-O Nf6 5. c4 c6 6. b3 Ne4 7. d4 O-O 8.
Bb2 Bf5 9. e3 a5 10. Nfd2 Nd7 11. cxd5 cxd5 12. Nxe4 Bxe4 13. Bh3 Bxb1 14.
Rxb1 e6 15. Qd2 Qb6 16. Rfc1 Rfc8 17. Bf1 Bf8 18. Bd3 Rxc1+ 19. Qxc1 Qd8
20. e4 Nb8 21. a3 Nc6 22. e5 Qb6 23. Qc3 Na7 24. Be2 Nb5 25. Bxb5 Qxb5 26.
Rc1 a4 27. b4 Ra6 28. Qc8 Rc6 29. Rxc6 Qxc6 30. Qxc6 bxc6 31. Bc1 f6 32. f4
Kf7 33. Kg2 h5 34. Kf3 Be7 35. Be3 Ke8 36. h3 Kd7 37. Ke2 Kc7 38. Kd3 Kb6
39. Bc1 f5 40. h4 Kb5 1/2-1/2

[Event "8th Prague Masters 2026"]
[Site "Prague CZE"]
[Date "2026.02.26"]
[Round "2"]
[White "Niemann,Hans Moke"]
[Black "Aravindh,Chithambaram VR."]
[Result "0-1"]
[WhiteElo "2725"]
[BlackElo "2700"]
[EventDate "2026.02.24"]

1. e4 d6 2. d4 Nf6 3. Nc3 e5 4. Nf3 Nbd7 5. Bc4 Be7 6. O-O O-O 7. Re1 exd4
8. Nxd4 Ne5 9. Bf1 Re8 10. Bf4 Ng6 11. Bg3 Bf8 12. h3 a6 13. a4 b6 14. Nc6
Qd7 15. Nb4 c6 16. Nd3 Bb7 17. Nf4 b5 18. axb5 axb5 19. Rxa8 Bxa8 20. Nd3
h6 21. b4 Qa7 22. Qa1 Qb6 23. e5 dxe5 24. Nxe5 Bxb4 25. Nxg6 Rxe1 26. Qxe1
Qc5 27. Qa1 Bb7 28. Nb1 Ne4 29. c3 Bxc3 30. Nxc3 Nxg3 31. Bd3 fxg6 32. Qa2+
Kh7 33. Qe6 Nf5 34. g4 Nh4 35. Ne2 Qe5 36. Qxe5 Nf3+ 37. Kg2 Nxe5 38. Be4
b4 39. Nc1 Nf7 40. Nb3 Ng5 41. Bd3 c5+ 42. Kg3 Ne4+ 43. Bxe4 Bxe4 44. Nxc5
Bd5 45. f4 b3 46. Na4 Bc6 47. Nb2 Kg8 48. Kf2 Kf7 49. Ke3 Ke6 50. Kd4 Bg2
51. Nd3 Bxh3 52. Nc5+ Kf6 53. g5+ Kf5 0-1

[Event "8th Prague Masters 2026"]
[Site "Prague CZE"]
[Date "2026.02.26"]
[Round "2"]
[White "Anton Guijarro,D"]
[Black "Van Foreest,Jorden"]
[Result "1-0"]
[WhiteElo "2666"]
[BlackElo "2705"]
[EventDate "2026.02.24"]

1. d4 Nf6 2. c4 g6 3. Nc3 Bg7 4. e4 d6 5. h3 e5 6. d5 a5 7. Nf3 Na6 8. Bd3
O-O 9. O-O Nd7 10. a3 Nac5 11. Bc2 f5 12. Bg5 Qe8 13. Nb5 Na6 14. exf5 gxf5
15. Nh4 e4 16. Qe2 Ne5 17. Rad1 Bd7 18. b3 Rc8 19. f4 Nf7 20. Nd4 h6 21.
Nhxf5 hxg5 22. Nxg7 Kxg7 23. Ne6+ Bxe6 24. Qxe4 Bf5 25. Qxf5 Qe3+ 26. Kh1
Rh8 27. Rde1 1-0

[Event "8th Prague Masters 2026"]
[Site "Prague CZE"]
[Date "2026.02.27"]
[Round "3"]
[White "Yakubboev,Nodirbek"]
[Black "Niemann,Hans Moke"]
[Result "1/2-1/2"]
[WhiteElo "2691"]
[BlackElo "2725"]
[EventDate "2026.02.24"]

1. e4 c5 2. Nf3 d6 3. d4 cxd4 4. Nxd4 Nf6 5. Nc3 a6 6. f4 e5 7. Nb3 Nc6 8.
f5 Be7 9. Bd3 b5 10. a4 bxa4 11. Rxa4 Bd7 12. Bg5 O-O 13. Bxf6 Bxf6 14.
Rxa6 Rxa6 15. Bxa6 Nb4 16. Bc4 Qb6 17. Nd5 Nxd5 18. Qxd5 Bc6 19. Qd3 d5 20.
Bxd5 Bxd5 21. exd5 Qb4+ 22. Nd2 e4 23. Qc4 Qxb2 24. Ke2 Qe5 25. Qxe4 Re8
26. Kf3 Qc3+ 27. Qd3 Qxd3+ 28. cxd3 Re5 29. d6 Rxf5+ 30. Ke3 Kf8 31. Rb1
Ke8 32. Rb7 Re5+ 33. Ne4 Rd5 34. Nxf6+ gxf6 35. Re7+ Kf8 36. Rd7 Ke8 37.
Re7+ Kf8 38. d4 Rxd6 39. Re4 Ra6 40. Rh4 Kg7 41. Rh5 Ra2 42. g4 h6 43. h3
f5 44. gxf5 Kf6 45. Ke4 Re2+ 46. Kd5 Re8 47. Kc6 Ra8 48. d5 Ke5 49. f6+
Kxf6 50. Rxh6+ Kg5 51. Rh7 Kf6 52. Rh6+ Kg5 53. Rh7 Kf6 54. Rh5 Ke7 55.
Re5+ Kd8 56. h4 Ra6+ 57. Kb5 Ra1 58. h5 Kd7 59. Kc5 Rc1+ 60. Kd4 Rd1+ 61.
Ke4 f6 62. Rf5 Rh1 63. Kd4 Rd1+ 64. Kc5 Rc1+ 65. Kd4 Rd1+ 66. Kc5 Rc1+ 67.
Kd4 1/2-1/2

[Event "8th Prague Masters 2026"]
[Site "Prague CZE"]
[Date "2026.02.27"]
[Round "3"]
[White "Navara,D"]
[Black "Anton Guijarro,D"]
[Result "1/2-1/2"]
[WhiteElo "2628"]
[BlackElo "2666"]
[EventDate "2026.02.24"]

1. d4 Nf6 2. c4 e6 3. g3 d5 4. Bg2 Be7 5. Nf3 O-O 6. O-O dxc4 7. Qc2 a6 8.
a4 Bd7 9. Qxc4 Bc6 10. Bf4 Bd6 11. Qc1 Nbd7 12. Nc3 Qe7 13. Rd1 Rac8 14. a5
h6 15. Bxd6 cxd6 16. Qc2 Rc7 17. Qb3 Rfc8 18. Nd2 Bxg2 19. Kxg2 e5 20. Nde4
Nxe4 21. Nxe4 Nf6 22. Nxf6+ Qxf6 23. dxe5 dxe5 24. Rd2 Qc6+ 25. Rd5 Qc2 26.
Qxc2 Rxc2 27. Rxe5 Kf8 28. b3 Re8 29. Rxe8+ Kxe8 30. Ra4 Rxe2 31. Kf3 Rc2
32. Rb4 Rc5 33. Rxb7 Rxa5 34. h4 Ra2 35. b4 a5 36. b5 a4 37. Ra7 Rb2 38.
Rxa4 Rxb5 1/2-1/2

[Event "8th Prague Masters 2026"]
[Site "Prague CZE"]
[Date "2026.02.27"]
[Round "3"]
[White "Abdusattorov,Nodirbek"]
[Black "Keymer,Vincent"]
[Result "1/2-1/2"]
[WhiteElo "2751"]
[BlackElo "2776"]
[EventDate "2026.02.24"]

1. d4 Nf6 2. c4 e6 3. Nf3 d5 4. Nc3 c5 5. cxd5 cxd4 6. Qxd4 exd5 7. Bg5 Be7
8. e3 O-O 9. Be2 Be6 10. O-O h6 11. Bh4 Qb6 12. Qxb6 axb6 13. Rfd1 Rc8 14.
a3 g5 15. Bg3 Nc6 16. Rac1 g4 17. Ne1 Na5 18. Nb5 Rc5 19. Nd4 Nc6 20. Nec2
Nxd4 21. Nxd4 Bd7 22. f3 Re8 23. b4 Rcc8 24. Bb5 Bxb5 25. Nxb5 Rc6 26. Kf2
Nh5 27. Nd4 Bg5 28. Rxc6 Bxe3+ 29. Kf1 bxc6 30. Nxc6 Re6 31. b5 Nxg3+ 32.
hxg3 Bc5 33. a4 gxf3 34. gxf3 Re3 35. Rxd5 Rxf3+ 36. Ke2 Rc3 37. Ne5 Ra3
38. Nd7 Bg1 39. Kf1 Be3 40. Ke2 Bg1 41. Kf1 Be3 42. Ke2 1/2-1/2

[Event "8th Prague Masters 2026"]
[Site "Prague CZE"]
[Date "2026.02.27"]
[Round "3"]
[White "Van Foreest,Jorden"]
[Black "Gukesh,D"]
[Result "1-0"]
[WhiteElo "2705"]
[BlackElo "2754"]
[EventDate "2026.02.24"]

1. e4 e5 2. Nf3 Nc6 3. Bb5 a6 4. Ba4 Nf6 5. O-O b5 6. Bb3 d6 7. c3 Be7 8.
Re1 Na5 9. Bc2 c5 10. d4 cxd4 11. cxd4 Bg4 12. dxe5 Bxf3 13. Qxf3 dxe5 14.
Nc3 O-O 15. Bg5 Nc6 16. Rad1 Nd4 17. Qg3 Qb8 18. Rxd4 exd4 19. e5 dxc3 20.
Qh4 Nh5 21. Bxe7 g6 22. Bxf8 Qxf8 23. bxc3 Qc5 24. Qe4 Re8 25. Qe3 Rc8 26.
e6 Qxe3 27. exf7+ Kxf7 28. Rxe3 Kf6 29. Bb3 a5 30. g3 Ng7 31. Rf3+ Ke5 32.
Rf7 Nf5 33. Rb7 Rc5 34. f4+ Ke4 35. Kf2 Kd3 36. g4 a4 37. Bg8 Nd6 38. Rd7
Rc6 39. Bxh7 Kxc3 40. Bxg6 b4 41. h4 b3 42. axb3 a3 43. h5 Nb5 44. g5 a2
45. Rd1 Nd4 46. h6 Rc8 47. h7 Rh8 48. Be4 1-0

[Event "8th Prague Masters 2026"]
[Site "Prague CZE"]
[Date "2026.02.27"]
[Round "3"]
[White "Aravindh,Chithambaram VR."]
[Black "Maghsoodloo,Parham"]
[Result "1/2-1/2"]
[WhiteElo "2700"]
[BlackElo "2708"]
[EventDate "2026.02.24"]

1. e4 c6 2. Nf3 d5 3. d3 dxe4 4. dxe4 Qxd1+ 5. Kxd1 Nf6 6. Nbd2 Nbd7 7. Ne1
Nc5 8. f3 e5 9. Nc4 Nfd7 10. a4 a5 11. Be3 f6 12. Nd3 Nxd3 13. Bxd3 Bc5 14.
Bd2 b6 15. c3 Ke7 16. Kc2 Ba6 17. b4 axb4 18. cxb4 Bd4 19. Bc3 Rhc8 20. Kd2
b5 21. Ne3 Bxe3+ 22. Kxe3 bxa4 23. Rxa4 Bxd3 24. Rxa8 Rxa8 25. Kxd3 Ra2 26.
Bd2 Ra3+ 27. Bc3 Ra2 28. Bd2 Ra3+ 29. Bc3 Ra2 30. Bd2 Ra3+ 1/2-1/2

[Event "8th Prague Masters 2026"]
[Site "Prague CZE"]
[Date "2026.02.28"]
[Round "4"]
[White "Yakubboev,Nodirbek"]
[Black "Van Foreest,Jorden"]
[Result "0-1"]
[WhiteElo "2691"]
[BlackElo "2705"]
[EventDate "2026.02.24"]

1. d4 Nf6 2. c4 e6 3. Nf3 d5 4. Nc3 Be7 5. Bf4 O-O 6. e3 Nbd7 7. c5 Nh5 8.
Bd3 b6 9. b4 a5 10. a3 Nxf4 11. exf4 c6 12. O-O Ba6 13. Bxa6 Rxa6 14. b5
cxb5 15. c6 Nb8 16. Nxb5 Nxc6 17. Qc2 Qd7 18. Rfc1 Nb4 19. Qe2 Nc6 20. Qc2
Nb4 21. Qe2 Nc6 22. a4 Raa8 23. Ne5 Nxe5 24. Rc7 Nf3+ 25. Qxf3 Qd8 26. Rac1
Bb4 27. R1c6 Qf6 28. g4 Bd2 29. f5 Qg5 30. fxe6 fxe6 31. Qe2 Bf4 32. Qxe6+
Kh8 33. Rc8 Qh4 34. Kf1 Bc7 35. Rxf8+ Rxf8 36. Rc2 Qh3+ 37. Ke1 Qxh2 38.
Qxd5 Qg1+ 39. Kd2 Rxf2+ 40. Kc3 Qa1+ 41. Kd3 Qd1+ 42. Ke3 Rf8 43. Rxc7 Re8+
44. Qe5 Rxe5+ 45. dxe5 Qxg4 46. Nd6 h5 47. Rc4 Qe6 48. Re4 Kg8 49. Nb5 g5
50. Nd4 Qh3+ 51. Ke2 Kf7 52. e6+ Ke7 53. Nc6+ Ke8 54. e7 Qg2+ 55. Kd3 h4
56. Nd4 h3 57. Nb5 Qg3+ 58. Re3 Qf4 59. Re4 h2 0-1

[Event "8th Prague Masters 2026"]
[Site "Prague CZE"]
[Date "2026.02.28"]
[Round "4"]
[White "Anton Guijarro,D"]
[Black "Abdusattorov,Nodirbek"]
[Result "1/2-1/2"]
[WhiteElo "2666"]
[BlackElo "2751"]
[EventDate "2026.02.24"]

1. d4 Nf6 2. c4 e6 3. Nf3 d5 4. Nc3 c6 5. e3 Nbd7 6. Bd3 dxc4 7. Bxc4 b5 8.
Bd3 b4 9. Ne4 Nxe4 10. Bxe4 Bb7 11. Nd2 Be7 12. O-O O-O 13. b3 Qb8 14. Bb2
Rc8 15. Rc1 c5 16. dxc5 Rxc5 17. Qg4 g6 18. Qf3 Bxe4 19. Nxe4 Rf5 20. Qe2
Qb7 21. Rfd1 Rd5 22. Rxd5 Qxd5 23. Qc2 Rd8 24. Rd1 Qa8 25. h3 f5 26. Nd6
Nb6 27. Nb5 Rxd1+ 28. Qxd1 Nd5 29. Qc2 Kf7 30. e4 fxe4 31. Qxe4 a6 32. Nd4
Qc8 33. Nf3 Nc3 34. Qf4+ Kg8 35. Qe5 Qc6 36. a3 Qd5 37. Bxc3 bxc3 38. Qxc3
Bxa3 39. Qc8+ Bf8 40. Qxa6 Qd1+ 41. Qf1 1/2-1/2

[Event "8th Prague Masters 2026"]
[Site "Prague CZE"]
[Date "2026.02.28"]
[Round "4"]
[White "Gukesh,D"]
[Black "Navara,D"]
[Result "1/2-1/2"]
[WhiteElo "2754"]
[BlackElo "2628"]
[EventDate "2026.02.24"]

1. e4 e5 2. Nf3 Nc6 3. Bb5 Nf6 4. d3 Bc5 5. c3 O-O 6. O-O d6 7. Re1 Ne7 8.
d4 Bb6 9. a4 c6 10. Bd3 Ng6 11. h3 Re8 12. Qc2 d5 13. Bg5 dxe4 14. Bxe4
exd4 15. cxd4 h6 16. Bxf6 Qxf6 17. Nbd2 Bd7 18. a5 Bc7 19. a6 bxa6 20. Rxa6
Bb6 21. Nc4 Rab8 22. Nxb6 axb6 23. Ra7 Rbd8 24. Rd1 Re6 25. Ne5 Be8 26.
Bxg6 fxg6 27. Qb3 c5 28. Ng4 Qf5 29. Ne3 Qe4 30. d5 Red6 31. Rb7 Ba4 32.
Qc3 R6d7 33. Rxd7 Bxd7 34. Qb3 b5 35. Qa3 c4 36. d6 Kh7 37. Qa7 Qc6 38. Rd4
c3 39. bxc3 Qxc3 40. Rd1 Qc6 41. Qd4 Rb8 42. Qb4 Re8 43. Rd4 Ra8 44. Rd1
Re8 45. Qd2 Re6 46. Nc2 Qc4 47. Nb4 Re2 48. Qd3 Re6 49. Nc2 Re2 50. Nb4 Re6
51. Qxc4 bxc4 52. Na2 Kg8 53. Nc3 Kf7 54. f3 Ke8 55. Kf2 Bc6 56. Rd4 Kd7
57. Ne4 Bxe4 58. fxe4 c3 59. Rc4 Rxd6 60. Rxc3 g5 61. Ke3 Ke6 62. Rc7 Kf6
63. Rc5 Ke6 64. Ra5 Rb6 65. Kf3 Rb3+ 66. Kg4 Rb4 67. Kh5 Rxe4 68. Kg6 Re2
69. Kxg7 Rxg2 70. Kxh6 Rg3 71. Rxg5 Rxh3+ 72. Rh5 Rxh5+ 1/2-1/2

[Event "8th Prague Masters 2026"]
[Site "Prague CZE"]
[Date "2026.02.28"]
[Round "4"]
[White "Keymer,Vincent"]
[Black "Aravindh,Chithambaram VR."]
[Result "1-0"]
[WhiteElo "2776"]
[BlackElo "2700"]
[EventDate "2026.02.24"]

1. e4 d6 2. d4 Nf6 3. Nc3 e5 4. Nf3 Nbd7 5. h3 Be7 6. g4 h6 7. Be3 c6 8. a4
O-O 9. Qd2 d5 10. exd5 e4 11. dxc6 exf3 12. cxd7 Bxd7 13. g5 hxg5 14. Bxg5
Nd5 15. Rg1 Nxc3 16. bxc3 Re8 17. Kd1 Rc8 18. Bxe7 Qxe7 19. Bd3 g6 20. Qh6
Rc6 21. Kd2 Bf5 22. Qg5 Rxc3 23. Qxf5 Rec8 24. Rab1 Qh4 25. Qxf3 Qxd4 26.
Ke2 Qxa4 27. Kf1 b6 28. Qd5 Kg7 29. Rg4 1-0

[Event "8th Prague Masters 2026"]
[Site "Prague CZE"]
[Date "2026.02.28"]
[Round "4"]
[White "Niemann,Hans Moke"]
[Black "Maghsoodloo,Parham"]
[Result "1/2-1/2"]
[WhiteElo "2725"]
[BlackElo "2708"]
[EventDate "2026.02.24"]

1. e4 c6 2. d4 d5 3. e5 c5 4. dxc5 e6 5. a3 Bxc5 6. Qg4 Ne7 7. Bd3 Ng6 8.
Nf3 O-O 9. O-O Nc6 10. Re1 a5 11. Nc3 f5 12. Qg3 Bd7 13. Ne2 Qb6 14. Nf4
Nxf4 15. Bxf4 Ne7 16. h4 Ng6 17. Be3 Bxe3 18. fxe3 Rac8 19. h5 Nh8 20. b4
a4 21. b5 Nf7 22. Qf4 Qc7 23. Rab1 Qc3 24. Rb4 Ra8 25. Qd4 Rfc8 26. Kf1 Nh6
27. Qxc3 Rxc3 28. Ra1 Kf8 29. Ke2 Be8 30. Kd2 Rc5 31. Rh1 Ra5 32. Rhh4 Ng4
33. Rbxg4 fxg4 34. Nd4 Bf7 35. h6 g6 36. Bxg6 Bxg6 37. Nxe6+ Kf7 38. Nxc5
Rxb5 39. Nd3 Bf5 40. Rh5 Ke6 41. Nf4+ Kxe5 42. Ne2 Rb6 43. Ng3 Rf6 44. c4
dxc4 45. e4 Rd6+ 46. Kc2 Kf4 47. Nxf5 Rd3 48. Ng7 Kxe4 49. Ne8 Kd4 50. Nf6
Rc3+ 51. Kd2 Rd3+ 52. Kc2 Rc3+ 53. Kd2 Rd3+ 1/2-1/2

[Event "8th Prague Masters 2026"]
[Site "Prague CZE"]
[Date "2026.03.01"]
[Round "5"]
[White "Van Foreest,Jorden"]
[Black "Niemann,Hans Moke"]
[Result "1-0"]
[WhiteElo "2705"]
[BlackElo "2725"]
[EventDate "2026.02.24"]

1. d4 Nf6 2. c4 e6 3. Nf3 d5 4. Nc3 c5 5. cxd5 cxd4 6. Qxd4 exd5 7. e4 dxe4
8. Qxd8+ Kxd8 9. Ng5 Be6 10. a3 Nbd7 11. g3 Rc8 12. Bg2 Bc4 13. Ngxe4 Nxe4
14. Nxe4 Bc5 15. Bf4 f5 16. Nxc5 Re8+ 17. Be3 Nxc5 18. O-O-O+ Bd3 19. b4
Na4+ 20. Bc5 Nxc5 21. bxc5 Rxc5+ 22. Kb2 Re2+ 23. Kb3 Rb5+ 24. Ka4 Rbb2 25.
Rxd3+ Ke7 26. Rhd1 Rxf2 27. Rd7+ Kf6 28. Bxb7 Rxh2 29. R1d6+ Ke5 30. Ra6
Rb6 31. Rxb6 axb6 32. Rxg7 h5 33. Bc6 Kf6 34. Rb7 Rh3 35. Rxb6 Rxg3 36.
Be8+ 1-0

[Event "8th Prague Masters 2026"]
[Site "Prague CZE"]
[Date "2026.03.01"]
[Round "5"]
[White "Navara,D"]
[Black "Yakubboev,Nodirbek"]
[Result "1-0"]
[WhiteElo "2628"]
[BlackElo "2691"]
[EventDate "2026.02.24"]

1. d4 Nf6 2. c4 e6 3. g3 d5 4. Bg2 Be7 5. Nf3 O-O 6. O-O Nbd7 7. Qc2 a5 8.
Bg5 h6 9. Bxf6 Nxf6 10. Nc3 c6 11. Rfd1 b6 12. e4 dxc4 13. Ne5 Bb7 14. Nxc4
b5 15. Ne3 Rc8 16. Rac1 Qb6 17. e5 Nd5 18. Ne4 Nb4 19. Qe2 Nxa2 20. Ra1 Nb4
21. Nf6+ Bxf6 22. exf6 Qd8 23. fxg7 Kxg7 24. Ng4 Ra8 25. Qe5+ f6 26. Qxe6
Bc8 27. Qe2 Qd6 28. Ne3 Bd7 29. d5 c5 30. Qxb5 Nc2 31. Qc6 Qe7 32. Qc7 Nxe3
33. d6 Qe6 34. Re1 Ra6 35. Rad1 Qg4 36. h3 Qa4 37. b3 Qxb3 38. Qxd7+ Rf7
39. Qxf7+ Kxf7 40. d7 Nxg2 41. Re7+ Kxe7 42. d8=Q+ Kf7 43. Rd7+ Kg6 44.
Qe8+ Kg5 45. Qe4 f5 46. Rg7+ Rg6 47. h4+ Kf6 48. Qe7+ 1-0

[Event "8th Prague Masters 2026"]
[Site "Prague CZE"]
[Date "2026.03.01"]
[Round "5"]
[White "Abdusattorov,Nodirbek"]
[Black "Gukesh,D"]
[Result "1-0"]
[WhiteElo "2751"]
[BlackElo "2754"]
[EventDate "2026.02.24"]

1. c4 e5 2. Nc3 Nf6 3. e3 Bb4 4. Nge2 d5 5. cxd5 Nxd5 6. Qb3 Nxc3 7. Qxb4
Nd5 8. Qb3 Nc6 9. Nc3 Ndb4 10. Bc4 Nd3+ 11. Ke2 Nf4+ 12. Kf1 Ne6 13. Qd1 b6
14. b4 Bb7 15. a3 Qh4 16. d3 O-O-O 17. Bb2 Ng5 18. h3 f5 19. Rc1 Kb8 20.
Nd5 Rd7 21. Qc2 Re8 22. f3 Qh6 23. Kf2 Qh4+ 24. Kf1 Ne6 25. Nc3 Qh6 26. Qf2
g5 27. Kg1 Qg6 28. Ne2 a6 29. h4 g4 30. h5 Qh6 31. fxg4 fxg4 32. Ng3 b5 33.
Bxe6 Rxe6 34. Qe2 Nd8 35. Rh4 Rg7 36. e4 Qg5 37. Nf5 Rg8 38. Rf1 Nc6 39.
Bc1 Nd4 40. Qd1 Qd8 41. Rxg4 Rxg4 42. Qxg4 Bc8 43. Be3 Nxf5 44. exf5 Rf6
45. Qe4 Qd7 46. Qxe5 Rxf5 47. Rxf5 Qxf5 48. Qd4 Be6 49. h6 Bd5 50. Bf2 Kb7
51. Qa7+ Kc8 52. Bg3 Qd7 53. Qc5 Qc6 54. Qf8+ Kb7 55. Qg7 Qc2 56. Bf4 Kc8
57. Kh2 Kb7 58. Bd6 Kc8 59. Be5 Kb7 60. d4 Kc8 61. Kh3 Kb7 62. g4 Qg2+ 63.
Kh4 Qf2+ 64. Kg5 Qc2 65. Bf4 Kc8 66. Qe5 Qg6+ 67. Kh4 Qf7 68. g5 Bf3 69. g6
1-0

[Event "8th Prague Masters 2026"]
[Site "Prague CZE"]
[Date "2026.03.01"]
[Round "5"]
[White "Aravindh,Chithambaram VR."]
[Black "Anton Guijarro,D"]
[Result "0-1"]
[WhiteElo "2700"]
[BlackElo "2666"]
[EventDate "2026.02.24"]

1. c4 Nf6 2. Nc3 e6 3. Nf3 d5 4. e3 dxc4 5. Bxc4 a6 6. a4 c5 7. O-O Nc6 8.
d4 Be7 9. Re1 O-O 10. h3 Qc7 11. dxc5 Bxc5 12. e4 Rd8 13. Qe2 Nh5 14. e5
Ng3 15. Qc2 Nb4 16. Qb3 b6 17. Bf4 Nf5 18. Ne4 Bb7 19. Rac1 Bxe4 20. Rxe4
Qd7 21. g4 Ne7 22. Bg3 Nec6 23. Kg2 Na5 24. Qc3 Qxa4 25. Qe1 Nxc4 26. Rexc4
a5 27. Qe4 Qd7 28. Bh4 Rdc8 29. Ng5 Qd5 30. Rd1 Qxe4+ 31. Nxe4 Nd5 32. Rdc1
Nf4+ 33. Kf1 Nd3 34. R1c2 Rcb8 35. Nxc5 bxc5 36. Be7 Rxb2 37. Rxb2 Nxb2 38.
Rxc5 Nd3 39. Rb5 a4 40. h4 h5 0-1